| 000 | 00376nam a2200157Ia 4500 | ||
|---|---|---|---|
| 008 | 151213s9999 xx 000 0 und d | ||
| 100 | _aRicky W. Griffin | ||
| 245 |
_aManagement _cRicky W. Griffin |
||
| 250 | _a5th | ||
| 260 |
_aDelhi _bA.T.T.B.S. _c1999 |
||
| 300 | _a1146 p. | ||
| 650 | _aManagement | ||
| 650 | _aManagement | ||
| 700 | _aRicky W. Griffin | ||
| 999 |
_c1045 _d1045 |
||